Vista normal
Vista MARC
Entrada Topical Term
Número de registros utilizados en: 1
001 - CONTROL NUMBER
- control field: 25650
003 - CONTROL NUMBER IDENTIFIER
- control field: OSt
005 - DATE AND TIME OF LATEST TRANSACTION
- control field: 20230915231143.0
008 - FIXED-LENGTH DATA ELEMENTS
- fixed length control field: 230915|| aca||aabn | a|a d
040 ## - CATALOGING SOURCE
- Original cataloging agency: OSt
- Transcribing agency: OSt
150 ## - HEADING--TOPICAL TERM
- Topical term or geographic name entry element: VIGOTSKI, LIEV - CRITICA E INTERPRETACION
670 ## - SOURCE DATA FOUND
- Source citation: Work cat.: (OSt)27435: Rosas, Ricardo; Sebastian, Christian 25646, Piaget , Vigotski y Maturana . Constructivismo a tres voces, Aique